banner-ar

OFFICIAL GUIDE TO COLONIAL WILLIAMBURG / (Record no. 4572)

MARC details
000 -الفاتح
حقل البيانات ثابتة الطول 00610nam a2200193Ia 4500
008 - عناصر البيانات ثابتة الطول - معلومات عامة
حقل البيانات ثابتة الطول 140319s9999 xx 000 0 eng d
020 ## - الرقم الدولى المعيارى للكتب
الرقم الدولى المعيارى للكتاب 087935111X
040 ## - مصدر الفهرسة
وكالة الفهرسة الأصلية GCL /
وكالة النسخ GCL
082 04 - رقم تصنيف ديوى العشرى
رقم التصنيف 917.554252
رقم المادة O O
100 1# - المدخل الرئيسى - إسم شخصى
الإسم الشخصى OLMERT, MICHAEL
245 10 - بيان العنوان
العنوان OFFICIAL GUIDE TO COLONIAL WILLIAMBURG /
بيان المسئوليه,etc OLMERT, MICHAEL
700 1# - المدخل الاضافى - اسم شخصى
الإسم الشخصى TURNER, PETER C.
260 ## - PUBLICATION, DISTRIBUTION, ETC. (IMPRINT)
تاريخ النشر أو التوزيع 1985
300 ## - الوصف المادى
التعداد 159 P
تفاصيل ماديه اخرى للوعاء ILL., MAPS ؛
أبعاد الوعاء 25 cm.
650 04 - المدخل الاضافى بالموضوع-مصطلح موضوعى
مصطلح موضوعي WILLIAMSBURG ( VA ) - DESCRIPTION AND TRAVEL
650 04 - المدخل الاضافى بالموضوع-مصطلح موضوعى
مصطلح موضوعي WILLIAMSBURG ( VA ) - GUIDE BOOKS
942 ## - عناصر المدخل الإضافي( كوها)
مصدر التصنيف او مخطط الترفيف Dewey Decimal Classification
Koha [default] item type كتاب
260 ## - PUBLICATION, DISTRIBUTION, ETC. (IMPRINT)
-- نيويورك :
-- THE COLONIAL WILLIAMS BURG FOUNDER ،
Holdings
حالة التراجع حالة الفقد حالة تلف ليس للاعارة المكان المؤقت الموقع الحالى تاريخ الاكتساب اجمالي اﻻعارات رقم الطلب الباركود تاريخ اخر مشاهدة تاريخ تفعيل السعر نوع وعاء كوها
        مكتبة القاهرة الكبرى مكتبة القاهرة الكبرى 03/26/2014   917.554252\O O 10363 03/26/2014 03/26/2014 كتاب
        مكتبة القاهرة الكبرى مكتبة القاهرة الكبرى 03/26/2014   917.554252\O O 10364 03/26/2014 03/26/2014 كتاب
        مكتبة القاهرة الكبرى مكتبة القاهرة الكبرى 03/26/2014   917.554252\O O 10365 03/26/2014 03/26/2014 كتاب

Powered By

EGPV